[Event "48th Bosna Tournament 2018"]
[Site "Sarajevo"]
[Date "2018.05.08"]
[Round "6"]
[White "Blagojevic, Dragisa"]
[Black "Can, Emre"]
[Result "1/2-1/2"]
[WhiteElo "2483"]
[BlackElo "2596"]
[Annotator "TA"]
[PlyCount "36"]
[EventDate "2018.??.??"]
[EventType "swiss"]
[EventCountry "BIH"]
[SourceTitle "playchess.com"]
[Source "ChessBase"]
[SourceQuality "1"]

{[%evp 16,17,10,0]} 1. d4 Nf6 2. c4 g6 3. Nf3 Bg7 4. g3 O-O 5. Bg2 c6 6. O-O d5 7. Ne5 dxc4 8. Nxc4 Be6 {D78: Fianchetto Grünfeld: 6 0-0 c6} 9. b3 {LiveBook: 11 Games} {Predecessor:} a5 $146 10. Bb2 a4 11. Nbd2 b5 12. Ne3 Nd5 13. Nxd5 cxd5 14. bxa4 Rxa4 15. e3 Qd6 16. Qe2 Nd7 17. a3 Raa8 18. Nb1 b4 {½-½ (18) Blagojevic,D (2495)-Nikolaidis,I (2559) Durres 2014} 1/2-1/2

[Event "48th Bosna Tournament 2018"]
[Site "Sarajevo"]
[Date "2018.05.08"]
[Round "6"]
[White "Radovanovic, Nikola"]
[Black "Djukic, Nikola"]
[Result "0-1"]
[WhiteElo "2438"]
[BlackElo "2556"]
[Annotator "TA"]
[PlyCount "108"]
[EventDate "2018.??.??"]
[EventType "swiss"]
[EventCountry "BIH"]
[SourceTitle "playchess.com"]
[Source "ChessBase"]
[SourceQuality "1"]

{[%evp 35,108,0,0,0,0,0,0,0,0,0,0,0,0,-7,-7,-7,-7,-16,-7,-7,-7,-7,-2,-17,0,0,0,0,0,0,0,0,0,-3,-2,-12,-12,-12,-12,-32,-8,-24,-22,-32,-35,-41,-8,-133,-115,-505,-470,-668,-578,-654,-672,-702,-620,-754,-772,-1182,-1183,-1555,-1360,-29963,-29965,-29965,-29967,-29965,-29968,-29967,-29969,-29974,-29975,-12473,-12441]} 1. e4 c5 2. Nf3 Nc6 3. d4 cxd4 4. Nxd4 g6 5. c4 Nf6 6. Nc3 Nxd4 7. Qxd4 d6 8. Be2 Bg7 9. Be3 O-O 10. Qd2 a5 11. O-O a4 12. f3 Qa5 13. Rac1 Be6 14. Nd5 {B36: Sicilian: Maroczy Bind: Gurgenidze System} Qxd2 15. Nxe7+ (15. Bxd2 Bxd5 16. cxd5 Nd7 17. Rc2 Bd4+ 18. Kh1 Rfc8 19. Rfc1 Rxc2 20. Rxc2 Nc5 21. g3 Kg7 {0-1 (31) Khismatullin,D (2632)-Almasi,Z (2682) Riadh 2017}) 15... Kh8 16. Bxd2 Rfe8 17. Nd5 Nxd5 18. cxd5 Bxd5 {LiveBook: 19 Games} 19. Bb5 Re5 $1 20. Bxa4 {aiming for Bf4.} Be6 21. Bb3 Bxb3 22. axb3 Rb5 23. Bc3 (23. Rc7 {with more complications.} Bd4+ 24. Kh1 Kg7 25. b4 Bxb2 26. Rb1) 23... Rxb3 24. Bxg7+ Kxg7 $11 {[%mdl 4096] Endgame KRR-KRR} 25. Rf2 $146 ({Predecessor:} 25. Rc2) 25... Ra2 26. Rcc2 Kf6 27. Rfd2 Ke6 28. Kf2 Ra5 29. Ke2 f5 30. exf5+ Rxf5 31. Kd1 Rd5 32. Kc1 Rxd2 33. Rxd2 {KR-KR} Re3 34. Rd1 Re5 35. Rd3 Re1+ 36. Kc2 Rh1 37. h3 Rg1 38. Rd2 Ke5 39. b4 d5 40. Kc3 d4+ 41. Kc4 (41. Kd3 $11 {was the only way to keep the balance.}) 41... Rc1+ $17 42. Kb5 $2 {[%mdl 8192] [#]} (42. Kd3 $17 {is a better chance.}) 42... Rc6 $19 43. h4 (43. g3 $142 Rc3 44. Re2+ Re3 45. f4+ Ke4 46. Ra2) 43... Kd5 44. Rd1 Rc3 45. Kb6 Rb3 46. b5 d3 47. Kc7 Kd4 48. b6 Ke3 49. Kxb7 Ke2 50. Ra1 d2 51. Kc7 d1=Q 52. Rxd1 Kxd1 53. b7 Ke2 54. f4 Ke3 {Precision: White = 34%, Black = 78%.} 0-1

[Event "48th Bosna Tournament 2018"]
[Site "Sarajevo"]
[Date "2018.05.08"]
[Round "6"]
[White "Krishna C R G"]
[Black "Kurajica, Bojan"]
[Result "1/2-1/2"]
[WhiteElo "2416"]
[BlackElo "2516"]
[Annotator "TA"]
[PlyCount "81"]
[EventDate "2018.??.??"]
[EventType "swiss"]
[EventCountry "BIH"]
[SourceTitle "playchess.com"]
[Source "ChessBase"]
[SourceQuality "1"]

{[%evp 18,81,34,17,55,48,85,94,85,22,30,22,27,16,28,23,30,25,22,30,29,28,33,29,33,25,66,81,120,81,84,80,82,84,82,72,72,72,71,71,71,71,72,72,72,72,72,72,87,72,72,47,69,45,46,52,85,8,14,15,36,0,55,0,58,0]} 1. d4 Nf6 2. c4 e6 3. g3 Bb4+ 4. Bd2 a5 5. Bg2 O-O 6. Nf3 {[%cal Bg1f3,Bf3e5,Be5d7][%mdl 32]} d5 7. O-O b6 {E11: Bogo-Indian} 8. Bg5 Be7 9. Nc3 Bb7 10. Ne5 {LiveBook: 3 Games} Na6 $146 ({Predecessor:} 10... Nbd7 11. Nxd7 Qxd7 12. cxd5 exd5 13. e3 Rfd8 14. Rc1 h6 15. Bxf6 Bxf6 {1-0 (58) Sargissian,G (2677)-Brown,M (2506) chess.com INT 2018}) 11. Qa4 c5 12. cxd5 {[#] And now d6! would win.} exd5 13. Bxf6 (13. e3 $16) 13... Bxf6 $11 14. Nd7 cxd4 15. Nxd5 Bxd5 16. Bxd5 Ra7 17. Nxf6+ ({Much worse is} 17. Nxf8 Qxd5 18. Qe8 Ra8 $15) 17... Qxf6 18. Rfd1 d3 19. exd3 Qxb2 20. Rab1 $36 {[%mdl 2048] White fights for an advantage.} Qf6 $1 21. a3 Rd8 22. Qc6 Qd4 23. Re1 {Threatening mate with Re8+.} g6 {[#]} 24. Bc4 $1 ({Reject} 24. Rxb6 $6 Rxd5 25. Rxa6 Rxa6 $11) 24... Nc5 25. Qxb6 Rad7 26. Rb5 Nxd3 27. Qxd4 Rxd4 28. Bxd3 $1 Rxd3 29. Rxa5 $16 {[%mdl 4096] Endgame KRR-KRR} Rb8 30. Re4 Rbb3 31. a4 {[%cal Ba3a4,Ba4a5][%mdl 32]} Rd7 32. Rf4 Ra3 33. Ra8+ Kg7 34. a5 Ra2 35. g4 h6 36. Kg2 Rc7 37. h4 ({Better is} 37. Ra6 $16) 37... Rd7 38. Kg3 Rc7 39. Rf3 Ra4 40. Rf4 (40. Kh3 $1 $14) 40... Ra3+ (40... Ra2 $1 $11) 41. Rf3 {Precision: White = 55%, Black = 53%.} (41. Kh2 $14) 1/2-1/2

[Event "48th Bosna Tournament 2018"]
[Site "Sarajevo"]
[Date "2018.05.08"]
[Round "6"]
[White "Runic, Zoran"]
[Black "Yilmaz, Mustafa"]
[Result "0-1"]
[WhiteElo "2408"]
[BlackElo "2621"]
[Annotator "TA"]
[PlyCount "45"]
[EventDate "2018.??.??"]
[EventType "swiss"]
[EventCountry "BIH"]
[SourceTitle "playchess.com"]
[Source "ChessBase"]
[SourceQuality "1"]

{[%evp 17,45,-18,-18,-25,-28,-45,-14,-16,-14,-48,-38,-46,-39,-46,-44,-29,-25,-29,-37,-41,-38,-27,-31,-39,0,-1,15,26,32,27]} 1. e4 c5 2. Nf3 d6 3. c3 Nf6 4. Bd3 Bg4 5. h3 Bh5 6. Bc2 Nc6 7. d3 e6 8. Nbd2 Be7 9. Nf1 h6 {LiveBook: 4 Games. B50: Sicilian: 2...d6, Miscellaneous} (9... d5 10. Qe2 Qc7 11. Ng3 Bg6 12. O-O dxe4 13. dxe4 O-O 14. Nh4 Nd7 15. Nxg6 hxg6 16. f4 Rab8 17. e5 b5 18. Qg4 {½-½ (30) Kobalia,M (2651)-Najer,E (2633) Khanty-Mansiysk 2013}) 10. g4 Bg6 11. Ng3 Rc8 $146 {Black is slightly better.} ({Predecessor:} 11... d5 12. Qe2 Qc7 13. Ba4 Rd8 14. Bxc6+ bxc6 15. e5 Nd7 16. Nh5 c4 17. dxc4 {½-½ (31) Jansa,V (2495)-Mortensen,E (2375) Esbjerg 1981}) 12. Qe2 d5 13. Ba4 {[#]} c4 $1 {[%mdl 512] aiming for ...cxd3.} 14. dxc4 Nxe4 15. cxd5 exd5 16. Nxe4 Bxe4 17. Be3 O-O {And now ...Ne5! would win.} 18. Bc2 Re8 19. Bxe4 dxe4 20. Nd4 Ne5 21. O-O-O $1 Qa5 22. Kb1 $1 Bf8 23. h4 {[%mdl 32768] Precision: White = 68%, Black = 49%. . Loss on Time!?} 0-1

[Event "48th Bosna Tournament 2018"]
[Site "Sarajevo"]
[Date "2018.05.08"]
[Round "6"]
[White "Eric, Jovana"]
[Black "Cvitan, Ognjen"]
[Result "0-1"]
[WhiteElo "2301"]
[BlackElo "2487"]
[Annotator "TA"]
[PlyCount "80"]
[EventDate "2018.??.??"]
[EventType "swiss"]
[EventCountry "BIH"]
[SourceTitle "playchess.com"]
[Source "ChessBase"]
[SourceQuality "1"]

{[%evp 20,80,41,12,35,25,26,14,25,-16,0,0,0,4,0,0,62,55,57,54,49,17,15,17,13,14,56,0,0,0,0,0,0,0,0,0,0,-29,-31,-200,-200,-193,-187,-194,-184,-187,-189,-362,-351,-351,-344,-294,-273,-280,-273,-266,-268,-264,-255,-385,-377,-554,-544]} 1. e4 c5 2. Nf3 g6 3. d4 cxd4 4. Nxd4 Nc6 5. Nc3 Bg7 6. Be3 Nf6 7. Bc4 O-O 8. Bb3 d6 9. f3 Bd7 10. Qd2 Rc8 11. g4 {LiveBook: 14 Games. B77: Sicilian Dragon: Yugoslav Attack, 9 Bc4 sidelines} (11. h4 h5 12. O-O-O Ne5 13. Kb1 Nc4 14. Bxc4 Rxc4 15. Nde2 Re8 16. Bh6 Bh8 17. g4 Qa5 18. gxh5 Qxh5 19. Bg5 Qxf3 20. Rdf1 Nxe4 21. Rxf3 Nxd2+ 22. Bxd2 Bc6 23. Rfh3 Bxh1 24. Rxh1 {½-½ (60) Vachier Lagrave,M (2796)-Grischuk,A (2761) Paris 2017}) 11... a5 12. a4 Nxd4 13. Bxd4 {White has an edge.} Be6 14. Nd5 $146 ({Predecessor:} 14. h4 Bxb3 15. cxb3 e6 16. O-O-O d5 17. g5 e5 18. gxf6 Bxf6 {1-0 (43) Meijers,V (2449)-Rogozenco,D (2548) Dieren 2001}) 14... Nxd5 15. Bxg7 Kxg7 16. exd5 Bd7 17. h4 {[%cal Bh2h4,Bh4h5,Bh5h6][%mdl 32]} f6 (17... Qb6 $11) 18. h5 {And now hxg6 would win.} g5 19. h6+ Kh8 20. Kf2 Qb6+ 21. Kg3 Rf7 22. Rae1 Rcf8 23. Re4 (23. Kg2 $14) 23... f5 $11 24. Qc3+ Kg8 25. gxf5 Bxf5 26. Re3 Rc8 27. Qd2 {[#] Hoping for Rxe7!} Bxc2 $1 {[%mdl 512]} 28. Rhe1 ({Reject} 28. Bxc2 Rxc2 29. Qxc2 Qxe3 $17) 28... Bg6 $36 {[%mdl 2048] Black has the initiative.} (28... Bxb3 29. Rxe7 Qd8 30. Qxg5+ Kh8 31. Qg4 $18) 29. Rc3 $2 (29. Bd1 $1 $15) 29... Rxc3 $19 30. Qxc3 {[#] Threatening Qc8+.} Qd8 $1 31. Qe3 Qf8 32. Rh1 Rf5 33. Bc2 $2 (33. Qe6+ {might work better.} Kh8 34. Qe3) 33... Re5 34. Be4 Qf6 35. Rc1 Bxe4 36. Rc8+ Kf7 37. fxe4 Qxh6 38. Qf3+ Qf6 39. Qh5+ (39. b4 $142) 39... Kg7 {...Qf4+ is the strong threat.} 40. Qg4 (40. Qf3 $142) 40... Qf1 {Precision: White = 43%, Black = 74%.} 0-1

[Event "48th Bosna Tournament 2018"]
[Site "Sarajevo"]
[Date "2018.05.09"]
[Round "7"]
[White "Yilmaz, Mustafa"]
[Black "Blagojevic, Dragisa"]
[Result "1-0"]
[WhiteElo "2621"]
[BlackElo "2483"]
[Annotator "TA"]
[PlyCount "160"]
[EventDate "2018.??.??"]
[EventType "swiss"]
[EventCountry "BIH"]
[SourceTitle "playchess.com"]
[Source "ChessBase"]
[SourceQuality "1"]

{[%evp 30,160,0,0,17,0,41,0,91,78,167,39,45,39,71,45,47,27,20,20,42,4,67,74,87,61,106,109,107,106,119,117,123,118,121,99,125,116,110,96,97,98,198,192,172,166,167,192,172,179,175,218,200,208,172,0,192,181,189,179,154,145,139,84,84,77,83,85,78,79,98,0,72,58,65,50,43,43,30,15,68,59,116,109,305,304,290,277,364,357,340,242,274,261,342,323,212,0,212,192,260,179,201,141,141,100,141,140,168,135,135,135,564,141,139,0,716,0,346,341,330,295,312,301,270,249,442,395,479,389,353,262,29976]} 1. d4 d5 2. c4 e6 3. Nf3 Nf6 4. Nc3 c6 5. Bg5 Nbd7 6. cxd5 exd5 7. e3 Be7 8. Qc2 Nh5 9. Bxe7 Qxe7 10. O-O-O Nb6 11. Bd3 g6 12. h3 Be6 {D36: Queen's Gambit Declined: Exchange Variation: Main line (5 Bg5 c6 6 Qc2)} (12... Ng7 13. g4 Be6 14. Kb1 O-O-O 15. Na4 Ne8 16. Rc1 Nd6 17. Nc5 Kb8 18. Ne5 Bc8 19. Rhe1 f6 20. Nf3 {½-½ (40) Li,C (2741)-Hammer,J (2629) Palma de Mallorca 2017}) 13. Kb1 O-O-O 14. Na4 Nxa4 15. Qxa4 Kb8 16. Rc1 {LiveBook: 11 Games} Nf6 17. Rc3 {Hoping for Rhc1.} Ne4 $1 {[%cal Re4c3]} 18. Ra3 $1 b5 (18... Nxf2 $11 {remains equal.} 19. Ne5 (19. Qxa7+ Kc7 $11) 19... Nxd3 20. Qxa7+ Kc7) 19. Qc2 $16 {[#] aiming for Ne5.} Rc8 $146 (19... f6 $16) ({Predecessor:} 19... Rd6 20. Ka1 {1-0 (44) Ma,Q (2637)-Zhou,J (2613) China 2017}) 20. Ka1 (20. Ne5 $18) 20... Nd6 $14 21. Rc3 Bd7 22. Rc1 f6 23. Nd2 Nb7 24. Qb3 Qd6 25. Qd1 Rhe8 (25... b4 $11 26. R3c2 c5) 26. Nb3 Re7 27. a4 a6 28. Nc5 Nxc5 29. Rxc5 Kb7 30. Qd2 Ree8 31. Qb4 {[%cal Rc5b5]} Qe7 32. R1c3 {[%cal Ra4b5]} ({Much weaker is} 32. axb5 $6 axb5 33. R1c3 Ra8+ 34. Ra3 Qf7 $11) 32... Qd8 33. axb5 axb5 34. Bxb5 Qb6 35. Qb3 cxb5 (35... Red8 $16) 36. Qxd5+ $18 Bc6 37. Rxc6 $1 Rxc6 38. Qd7+ Qc7 39. Qxe8 Rxc3 40. Qxb5+ ({Stronger than} 40. bxc3 Qxc3+ 41. Kb1 Qe1+ 42. Kc2 Qe2+ 43. Kb3 Qd3+ 44. Kb2 Qd2+ 45. Kb3 Qd3+ 46. Kb2 Qe2+ 47. Ka3 Qd3+ 48. Kb2 $11) 40... Kc8 {[#] Threatens to win with ...Rc1+.} 41. Qe8+ Kb7 {( -> ...Rc1+)} 42. Qb5+ Kc8 {Strongly threatening ...Rc1+.} 43. bxc3 Qxc3+ {[%mdl 4096] Endgame KQ-KQ} 44. Qb2 Qd3 45. Qc1+ Kd7 46. g3 ({Better is} 46. Ka2) 46... Qf5 $16 47. Qb2 Qxh3 48. Qb5+ Kd6 49. Qc5+ Kd7 50. Qb5+ (50. Qd5+ {is interesting.} Ke7 51. Kb2 Qf1 52. Qc5+ Kd7 53. Qa7+) 50... Kd6 $1 51. Kb2 Qg2 52. Qe2 (52. Qa6+ {seems wilder.} Ke7 53. Qa7+ Ke6 54. Qb6+ Ke7 55. Qc7+) 52... h5 53. e4 {[%cal Be3e4,Be4e5][%mdl 32]} Ke7 54. e5 Qd5 ({Black should try} 54... Qc6 $11) 55. Kc3 $14 Qa5+ (55... g5 $14) 56. Kd3 $16 Ke6 $2 (56... Qa3+ $16 57. Ke4 fxe5) 57. exf6+ $18 Kxf6 58. Qf3+ Ke6 59. Qc6+ Kf7 60. Qb7+ Ke6 61. Qc8+ Kf7 62. Qd7+ Kf6 63. Qc6+ Kf7 $1 64. Qc5 Qe1 (64... Qa1 {keeps fighting.} 65. d5 Qd1+ 66. Ke3 Qe1+ 67. Kf4 Qd2+ 68. Ke4 Qe2+ 69. Qe3 Qc4+ 70. Qd4 Qa2) 65. Qc7+ Ke6 66. Qc8+ Ke7 67. Qc2 Kd6 68. Qc5+ Ke6 69. d5+ Kf7 70. Qc7+ Kg8 $2 {[%mdl 8192]} (70... Ke8 $16) 71. Qb8+ $2 (71. d6 $18 {is the precise move to win.}) 71... Kg7 $16 72. Qc7+ $2 {[%mdl 8192]} (72. Qa7+ $16 Kf8 73. Qb8+ Kg7 74. Qc7+ Kf6 75. Qf4+ Kg7 76. d6) 72... Kg8 $1 $18 73. Qb8+ (73. d6 $142) 73... Kg7 $1 74. Qa7+ Kf8 {intending ...Qd1+.} 75. Qe3 Qb1+ 76. Kc4 Qa2+ 77. Kd4 Qa4+ $2 (77... Kf7 {is a better defense.} 78. Qe6+ Kg7) 78. Ke5 Qe8+ 79. Kf6 {White wants to mate with Qh6+.} Qf7+ {[#]} 80. Kg5 $1 Kg7 $2 {Precision: White = 52%, Black = 35%.} (80... Qxd5+ $18 81. Kxg6 Qf7+ 82. Kg5 Qd5+ 83. Kh6 Kf7 84. Qf4+ Ke6) 1-0

[Event "48th Bosna Tournament 2018"]
[Site "Sarajevo"]
[Date "2018.05.09"]
[Round "7"]
[White "Can, Emre"]
[Black "Krishna C R G"]
[Result "1-0"]
[WhiteElo "2596"]
[BlackElo "2416"]
[Annotator "TA"]
[PlyCount "87"]
[EventDate "2018.??.??"]
[EventType "swiss"]
[EventCountry "BIH"]
[SourceTitle "playchess.com"]
[Source "ChessBase"]
[SourceQuality "1"]

{[%evp 15,87,14,43,27,41,21,23,12,18,12,21,24,43,48,37,20,58,13,23,0,0,-20,18,10,26,16,15,7,31,25,50,-27,0,0,8,5,26,23,91,58,225,140,252,122,158,161,160,164,180,184,234,226,204,19,319,312,310,278,344,274,352,292,293,291,283,284,281,286,279,291,385,382,391,381]} 1. d4 d5 2. c4 c6 3. Nf3 Nf6 4. Nc3 a6 5. e3 Bf5 6. cxd5 {D15: Slav Defence: 4 Nc3 a6 and gambit lines after 4 Nc3 dxc4} (6. Qb3 b5 7. c5 a5 8. Be2 g6 9. O-O Bg7 10. Bd2 O-O 11. a3 Nbd7 12. Rfc1 Ne4 13. Qd1 Nxd2 14. Qxd2 {½-½ (56) Mamedyarov,S (2799)-Andreikin,D (2712) Huaian 2017}) 6... cxd5 7. Ne5 Nc6 8. Qb3 Bc8 {LiveBook: 3 Games} 9. Bd2 e6 10. Nxc6 bxc6 11. Rc1 Bd6 12. Bd3 O-O 13. Na4 e5 14. dxe5 Bxe5 {[#]} 15. O-O $146 Rb8 16. Qc2 Re8 17. f4 Bd6 18. Qxc6 Qe7 19. Qc2 Qa7 20. Kh1 Bd7 21. Nc3 d4 22. exd4 Qxd4 23. Nd1 (23. Bxa6 $14 Red8 24. Nd1) 23... Rbc8 24. Bc3 Qd5 25. Bxa6 Rc6 26. Bd3 {[%cal Ba6d3,Bd3e4,Be4f3][%mdl 32]} Ng4 (26... Qh5 $11) 27. Qd2 $16 {And now Bxh7+! would win.} Rc5 $2 (27... Qh5 $1 $14 28. h3 Nf6) 28. h3 Qh5 (28... Qe6 $16 29. b4 (29. hxg4 Qxg4 30. Qf2 Rh5+ 31. Kg1 Bc5 $16) 29... Rh5) 29. Nf2 (29. b4 $18 Rc7 30. Bxh7+ Qxh7 31. Qxd6) 29... Ne3 {...Rd5 is the strong threat.} 30. Be4 Nxf1 31. Qxd6 Bb5 32. Bf3 Ng3+ 33. Kh2 Qh4 {White must now prevent ...Nf5.} 34. Re1 $2 $40 {[%mdl 128] White mounts an attack.} (34. Qxc5 $18 Qxf4 35. Nd3 Bxd3 36. Be5 $1 {[%mdl 512]} Nf1+ 37. Kg1) 34... Rxe1 $4 {[%mdl 8192]} (34... Rec8 $11 {and Black stays safe.} 35. Ne4 Nf5) 35. Bxe1 $18 {White wants to mate with Qb8+.} Rc8 {[#]} 36. Qe5 $1 Bc4 37. Bb7 Rd8 38. Ng4 Nf1+ 39. Kg1 Ng3 {intending ...h5.} 40. Qe3 Ne2+ {[#]} 41. Qxe2 $1 {[%mdl 512]} Bxe2 42. Bxh4 Rb8 43. Bd5 Rxb2 44. Ne5 {Precision: White = 47%, Black = 31%.} 1-0

[Event "48th Bosna Tournament 2018"]
[Site "Sarajevo"]
[Date "2018.05.09"]
[Round "7"]
[White "Djukic, Nikola"]
[Black "Kozul, Zdenko"]
[Result "1/2-1/2"]
[WhiteElo "2556"]
[BlackElo "2597"]
[Annotator "TA"]
[PlyCount "97"]
[EventDate "2018.??.??"]
[EventType "swiss"]
[EventCountry "BIH"]
[SourceTitle "playchess.com"]
[Source "ChessBase"]
[SourceQuality "1"]

{[%evp 23,97,9,40,30,43,43,43,49,43,39,47,32,33,18,61,62,62,30,42,27,34,32,58,36,46,36,81,62,68,63,59,31,51,51,51,39,51,56,65,40,40,40,51,40,56,58,49,0,0,0,0,0,2,0,20,20,20,0,0,0,0,0,0,0,0,0,448,465,450,450,408,393,352,0,193,0]} 1. e4 c5 2. Nf3 d6 3. d4 cxd4 4. Nxd4 Nf6 5. Nc3 Nc6 6. Bg5 e6 7. Qd2 a6 8. O-O-O Bd7 9. f3 Qc7 10. Kb1 Nxd4 {B67: Sicilian: Richter-Rauzer: 7...a6 8 0-0-0 Bd7, lines without 9 f4 Be7} 11. Qxd4 Be7 12. Qd2 (12. g4 h5 13. gxh5 Nxh5 14. h4 Rc8 15. Qd2 b5 16. Bd3 b4 17. Ne2 a5 18. f4 {½-½ (44) Oparin,G (2622)-Gabrielian,A (2493) Batumi 2018}) 12... Bc6 {LiveBook: 3 Games. The position is equal.} 13. h4 O-O 14. Bd3 Rfc8 $146 ({Predecessor:} 14... b5 15. Ne2 a5 16. Nd4 b4 17. e5 Nd5 18. Bxe7 Nxe7 19. Nxe6 fxe6 20. exd6 {1-0 (32) Stukopin,A (2502)-Nazaretyan,T (2131) Tyumen 2012}) 15. Ne2 Bb5 16. g4 Bxd3 17. cxd3 Qd8 18. Rc1 d5 19. e5 Nd7 20. Bxe7 (20. f4 {with more complications.} Qe8 21. Bxe7 Qxe7 22. Nd4 Qe8 23. h5) 20... Qxe7 21. f4 Rxc1+ 22. Qxc1 Qd8 23. Qe3 Rc8 24. Nd4 Qe7 25. g5 Qc5 26. h5 {[%cal Bh4h5,Bh5h6][%mdl 32]} Qb6 27. Re1 Nf8 28. h6 {Black must now prevent hxg7.} g6 29. Nf3 (29. Nb3 {feels hotter.} Qb5 30. Rc1 Rxc1+ 31. Kxc1 Nd7 32. Nd4) 29... Qxe3 30. Rxe3 $14 {[%mdl 4096] Endgame KRN-KRN} Nd7 31. d4 Kf8 32. Rb3 Rc7 33. Nh2 Ke8 34. Ng4 Kd8 35. Nf6 Nxf6 36. gxf6 $11 {KR-KR} Kc8 37. Rb6 Kb8 ({But not} 37... Rc4 $2 38. Rxe6 $1 {[%mdl 512]} a5 39. Re7 $18) 38. a4 Kc8 39. b3 Rd7 40. Kb2 Kc7 41. a5 Rd8 42. b4 Rg8 43. b5 axb5 44. Rxb5 g5 $2 {[%mdl 8192]} (44... Ra8 $11 {and Black has nothing to worry.}) 45. Rc5+ $18 Kb8 46. fxg5 Rxg5 47. Rb5 Kc7 {[#]} 48. Rc5+ (48. Rb3 $142 $1 Rg2+ 49. Ka3) 48... Kb8 $1 49. Rb5 $2 {Precision: White = 61%, Black = 57%.} (49. Rc3 $18) 1/2-1/2

[Event "48th Bosna Tournament 2018"]
[Site "Sarajevo"]
[Date "2018.05.09"]
[Round "7"]
[White "Kurajica, Bojan"]
[Black "Dizdarevic, Emir"]
[Result "1/2-1/2"]
[WhiteElo "2516"]
[BlackElo "2458"]
[Annotator "TA"]
[PlyCount "43"]
[EventDate "2018.??.??"]
[EventType "swiss"]
[EventCountry "BIH"]
[SourceTitle "playchess.com"]
[Source "ChessBase"]
[SourceQuality "1"]

{[%evp 18,20,25,0,7]} 1. d4 d5 2. e3 e6 3. Nf3 Nf6 4. c4 c5 5. cxd5 exd5 6. Be2 Nc6 7. O-O cxd4 8. exd4 Be7 9. Nc3 O-O 10. Bg5 {LiveBook: 4 Games} Be6 {B14: Caro-Kann: Panov-Botvinnik Attack with 5...e6 and 5...g6} {Predecessor:} 11. Qd3 $146 a6 12. Rac1 Rc8 13. Ne5 g6 14. Nxc6 Rxc6 15. Bf3 Qd7 16. Rce1 b5 17. Re5 b4 18. Na4 Kg7 19. Nc5 Bxc5 20. dxc5 Rxc5 21. Bxf6+ Kxf6 22. Qd4 {1-0 (22) Plat,V (2397)-Jarabek,V (2205) Czechia 2009} 1/2-1/2

[Event "48th Bosna Tournament 2018"]
[Site "Sarajevo"]
[Date "2018.05.09"]
[Round "7"]
[White "Diermair, Andreas"]
[Black "Ivic, Velimir"]
[Result "0-1"]
[WhiteElo "2504"]
[BlackElo "2405"]
[Annotator "TA"]
[PlyCount "74"]
[EventDate "2018.??.??"]
[EventType "swiss"]
[EventCountry "BIH"]
[SourceTitle "playchess.com"]
[Source "ChessBase"]
[SourceQuality "1"]

{[%evp 25,74,68,73,68,70,67,72,70,91,52,52,47,48,50,60,42,45,52,70,47,44,34,37,26,25,22,25,34,46,19,9,-42,-42,-103,-115,-312,-158,-238,-245,-597,-601,-587,-589,-589,-589,-581,-577,-567,-534,-631,-639]} 1. d4 Nf6 2. c4 g6 3. Nc3 Bg7 4. Nf3 O-O 5. e4 d6 6. Be2 e5 7. O-O Na6 8. Be3 c6 9. d5 Ng4 10. Bg5 f6 11. Bh4 c5 12. Ne1 Nh6 13. a3 Qe8 14. Nd3 {E94: King's Indian: Classical: 6 Be2 e5 7 0-0: Various Black 7th moves} f5 15. f3 f4 (15... Nf7 16. b4 Bh6 17. Bf2 b6 18. Rb1 Qe7 19. a4 cxb4 20. Nxb4 Nxb4 21. Rxb4 Bf4 {1-0 (46) Van Wely,L (2683)-Melekhina,A (2263) Los Angeles 2011}) 16. b4 {White is better.} b6 {[#]} 17. Qa4 $146 (17. Qb1 {with more complications.} Nf7 18. a4 cxb4 19. Nxb4 Nc5 20. a5) ({Predecessor:} 17. bxc5 bxc5 18. Qa4 Qxa4 19. Nxa4 Bf6 20. Bxf6 Rxf6 21. Nc3 g5 {1-0 (55) Damljanovic,B (2535)-Miroshnichenko,E (2525) Kallithea 2002}) 17... Qxa4 18. Nxa4 Nf7 19. Rfb1 g5 20. Be1 Bd7 21. Nc3 Rfc8 22. Rb2 Bf6 23. Bd1 h5 24. Ba4 Bxa4 25. Nxa4 cxb4 26. axb4 {[%cal Ba3b4,Bb4b5][%mdl 32] Hoping for Rba2.} Rxc4 27. b5 Nc7 28. Nb4 (28. Rb3 $11) 28... g4 $15 29. Nc3 (29. Rb3 $15) 29... Ng5 $17 30. Kf2 $2 {[#]} (30. Nc6 $17) 30... h4 (30... Nxf3 $1 $19 {[%mdl 512]} 31. gxf3 Bh4+ 32. Kg1 Bxe1 33. Rxe1 Rxc3 34. fxg4 hxg4) 31. Nc6 (31. h3 $17 {was worth a try.} gxf3 32. gxf3) 31... h3 $19 32. Ra4 $2 (32. Rb4 {was the crucial defense.} Rxb4 33. Nxb4 hxg2 34. fxg4) 32... Rxa4 {Black is clearly winning.} 33. Nxa4 hxg2 34. Kxg2 gxf3+ 35. Kf2 Nxe4+ 36. Kxf3 Ng5+ 37. Kg4 Nxd5 {Precision: White = 11%, Black = 58%.} 0-1

[Event "48th Bosna Tournament 2018"]
[Site "Sarajevo"]
[Date "2018.05.09"]
[Round "7"]
[White "Cvitan, Ognjen"]
[Black "Predke, Alexandr"]
[Result "1/2-1/2"]
[WhiteElo "2487"]
[BlackElo "2603"]
[Annotator "TA"]
[PlyCount "17"]
[EventDate "2018.??.??"]
[EventType "swiss"]
[EventCountry "BIH"]
[SourceTitle "playchess.com"]
[Source "ChessBase"]
[SourceQuality "1"]

{[%evp 14,17,8,6,44,47]} 1. d4 e6 2. c4 b6 3. a3 Bb7 4. Nc3 f5 5. d5 Nf6 6. g3 Bd6 7. Bg2 {A40: Unusual replies to 1 d4} Be5 (7... a5 8. Nh3 O-O 9. O-O Na6 10. e4 Be5 11. exf5 Bxc3 12. bxc3 exf5 13. Be3 Ne4 14. Bxe4 fxe4 {1-0 (36) Navara,D (2737)-Hou,Y (2666) Biel 2017}) 8. Bd2 {LiveBook: 10 Games} c5 $146 ({Predecessor:} 8... O-O 9. Nh3 Na6 10. O-O Nc5 11. Nf4 Qe7 12. Qc2 Nce4 13. Nxe4 fxe4 14. Bb4 Bd6 15. Bxd6 Qxd6 16. Bxe4 {½-½ (42) Gasanov,E (2488)-Oleksienko,M (2615) Zhitomir 2017}) 9. Nf3 1/2-1/2